Central Library OPAC University of Rajshahi

Revolutions of 1848 : (Record no. 24463)

MARC details
000 -LEADER
fixed length control field 00846cam a2200277 a 4500
001 - CONTROL NUMBER
control field 24463
003 - CONTROL NUMBER IDENTIFIER
rucl marc code BD-RjUL
005 - DATE AND TIME OF LATEST TRANSACTION
control field 20211209001044.0
008 - FIXED-LENGTH DATA ELEMENTS--GENERAL INFORMATION
fixed length control field 140313t1952 n b b 001 0 eng d
035 ## - SYSTEM CONTROL NUMBER
System control number (BD-RjUL)24530
040 ## - CATALOGING SOURCE
Original cataloging agency DLC
Language of cataloging eng
Transcribing agency DLC
Modifying agency BD-RjUL
041 ## - LANGUAGE CODE
Language code of text/sound track or separate title eng
082 04 - DEWEY DECIMAL CLASSIFICATION NUMBER
Classification number 940.28
Author mark and year ROR 1952
100 1# - MAIN ENTRY--PERSONAL NAME
Personal name Robertson, Priscilla Smith.
9 (RLIN) 75310
245 10 - TITLE STATEMENT
Title Revolutions of 1848 :
Remainder of title a social history /
Statement of responsibility, etc. Priscilla Robertson
260 ## - PUBLICATION, DISTRIBUTION, ETC. (IMPRINT)
Place of publication, distribution, etc. Princeton :
Name of publisher, distributor, etc. Princeton University Press,
Date of publication, distribution, etc. 1952.
300 ## - PHYSICAL DESCRIPTION
Pagination xi, 464 p. :
Illustrations maps ;
Size 25 cm.
500 ## - GENERAL NOTE
General note First Princeton reprint, 1967, is 21 cm
504 ## - BIBLIOGRAPHY, ETC. NOTE
Bibliography, etc Bibliographical reference and index,
Bibliography, etc Includes index
650 #0 - SUBJECT ADDED ENTRY--TOPICAL TERM
Topical term or geographic name as entry element Revolutions
Geographic subdivision Europe
9 (RLIN) 75311
651 #0 - SUBJECT ADDED ENTRY--GEOGRAPHIC NAME
Geographic name Europe
General subdivision History
Chronological subdivision 1848-1849
9 (RLIN) 75214
942 ## - ADDED ENTRY ELEMENTS (KOHA)
Source of classification or shelving scheme Dewey Decimal Classification
Koha item type Books
Holdings
Lost status Source of classification or shelving scheme Damaged status Not for loan Collection code Permanent Location Current Location Shelving location Date acquired Source of acquisition Cost, normal purchase price Total Checkouts Full call number Date last seen Copy number Koha item type
  Dewey Decimal Classification   Added to bundle Non-fiction Central Library, University of Rajshahi Central Library, University of Rajshahi Reading Room 25/06/1955 O.U.P. 22.00   940.28 ROR 1952 13/03/2014 C-1 Books